Le combat avec le démon (Record no. 130129)
[ view plain ]
| 000 -LEADER | |
|---|---|
| campo de control de longitud fija | 00744nam a2200205 i 4500 |
| 001 - NÚMERO DE CONTROL | |
| campo de control | 130129 |
| 003 - IDENTIFICADOR DE NÚMERO DE CONTROL | |
| campo de control | ES-MaACL |
| 005 - FECHA Y HORA DE LA ÚLTIMA TRANSACCIÓN | |
| campo de control | 20231027063022.0 |
| 007 - CAMPO FIJO DE DESCRIPCIÓN FÍSICA--INFORMACIÓN GENERAL | |
| campo de control de longitud fija | t| |
| 008 - DATOS DE LONGITUD FIJA--INFORMACIÓN GENERAL | |
| campo de control de longitud fija | 070719s1931 fr ||||1| fre d |
| 100 1# - ENTRADA PRINCIPAL--NOMBRE DE PERSONA | |
| Nombre de persona | Zweig, Stefan, |
| Fechas asociadas al nombre | 1881-1942 |
| 9 (RLIN) | 118562 |
| 245 13 - MENCIÓN DEL TÍTULO | |
| Título | Le combat avec le démon |
| Resto del título | : Frédéric Nietzsche (1844-1900) / |
| Mención de responsabilidad, etc. | Stefan Zweig ; traduit de l'allemand par Alzir Hella et Olivier Bournac. |
| 260 ## - PUBLICACIÓN, DISTRIBUCIÓN, ETC. | |
| Lugar de publicación, distribución, etc. | Paris : |
| Nombre del editor, distribuidor, etc. | Librairie Stock, |
| Fecha de publicación, distribución, etc. | 1931 ( |
| Lugar de fabricación/manufactura | Lagny : |
| Fabricante | E. Grevin) |
| 300 ## - DESCRIPCIÓN FÍSICA | |
| Extensión | 171 p. ; |
| Dimensiones | 19 cm. |
| 600 14 - PUNTO DE ACCESO ADICIONAL DE MATERIA--NOMBRE DE PERSONA | |
| Nombre de persona | Nietzsche, Friedrich, |
| Fechas asociadas al nombre | 1844-1900- |
| Subdivisión general | Crítica e interpretación |
| 9 (RLIN) | 85721 |
| 700 1# - ENTRADA AGREGADA--NOMBRE PERSONAL | |
| Nombre de persona | Hella, Alzir. |
| 9 (RLIN) | 62433 |
| 700 1# - ENTRADA AGREGADA--NOMBRE PERSONAL | |
| Nombre de persona | Bournac, Olivier. |
| 9 (RLIN) | 31008 |
| 852 ## - LOCALIZACIÓN | |
| Ubicación | ES-MaACL |
| Número de control de estantería | B-8689 |
| Estatus retirado | Estado de pérdida | Estado de daño | No para préstamo | Biblioteca de origen | Biblioteca actual | Ubicación en estantería | Fecha de adquisición | Fuente de adquisición | Total de préstamos | Signatura topográfica completa | Código de barras | Visto por última vez | Precio de reemplazo | Tipo de ítem Koha |
|---|---|---|---|---|---|---|---|---|---|---|---|---|---|---|
| Biblioteca del Ateneo de Madrid | Biblioteca del Ateneo de Madrid | Sala Pardo Bazán | 17/01/2008 | B-8689 | 1135498 | 23/02/2023 | 23/02/2023 | Libro impreso |
